| 000 | 00730nam a2200217 i 4500 | ||
|---|---|---|---|
| 001 | 89277 | ||
| 003 | ES-MaACL | ||
| 005 | 20251019063049.0 | ||
| 007 | t| | ||
| 008 | 181210s1973 sp ||||1| spa d | ||
| 100 | 1 |
_aDostoievski, Fiódor, _d1821-1881 _9242371 |
|
| 245 | 1 | 0 |
_aMemorias del subsuelo / _cFiodor Mikhaylovich Dostoyewsky ; traducción, prólogo y notas de Rafael Cansinos Assens. |
| 250 | _a[1ª ed.]. | ||
| 260 |
_aBarcelona : _b[Saturno], _c1973. |
||
| 300 |
_a162 p. ; _c20 cm. |
||
| 490 | 1 |
_aLos Libros de la Frontera ; _v5 |
|
| 700 | 1 |
_aCansinos Asséns, Rafael, _d1882-1964 _934616 |
|
| 830 | 0 |
_aLos Libros de la Frontera ; _v5 _9182945 |
|
| 852 |
_aES-MaACL _jC-55296 |
||
| 999 |
_c89277 _d89277 |
||